00363nam a22001217a 4500040000800000082001800008100001800026245004500044260001200089942001200101999001900113952010900132 cDLC a891.4391bAQE aGhalib987234 aIntikhaab Qalam Khwaja MircMir Taqi Mir a?b?c? 2ddccBK c587486d587486 00102ddc4070aNITbNITd2021-12-31l1o891.4391 AQEpNIT-7845r2022-01-20s2021-12-31w2021-12-31yBK